000 00791cam a22002177a 4500
999 _c9771
_d9771
003 OSt
005 20220303121455.0
008 060126s2005 maua f b 001 0 eng
020 _a9780124555518
040 _aYRM
_cYRM
082 _a729.29
_bLON
100 1 _aLong, Marshall.
245 1 0 _aArchitectural acoustics /
_cby Marshall Long.
260 _aAmsterdam ;
_aBoston :
_bElsevier/Academic Press,
_c2006.
300 _axxvi, 844 p. :
_bill. ;
_c27 cm.
504 _aIncludes bibliographical references (p. [813]-828) and index.
650 0 _aArchitectural acoustics.
856 4 2 _3Publisher description
_uhttp://www.loc.gov/catdir/enhancements/fy0664/2006271195-d.html
856 4 1 _3Table of contents only
_uhttp://www.loc.gov/catdir/enhancements/fy0629/2006271195-t.html
942 _2ddc